|
|
|
|
| LEADER |
01373nam a2200361Ia 4500 |
| 001 |
EBC294144 |
| 003 |
MiAaPQ |
| 005 |
20200520144314.0 |
| 006 |
m o d | |
| 007 |
cr cn||||||||| |
| 008 |
010509s2001 caua sb 001 0 eng d |
| 010 |
|
|
|z 00110183
|
| 020 |
|
|
|z 9780125154222
|
| 020 |
|
|
|z 0125154224
|
| 035 |
|
|
|a (MiAaPQ)EBC294144
|
| 035 |
|
|
|a (Au-PeEL)EBL294144
|
| 035 |
|
|
|a (CaPaEBR)ebr10186302
|
| 035 |
|
|
|a (CaONFJC)MIL105271
|
| 035 |
|
|
|a (OCoLC)476056928
|
| 040 |
|
|
|a MiAaPQ
|c MiAaPQ
|d MiAaPQ
|
| 050 |
|
4 |
|a TP248.65.F66
|b G47 2001
|
| 245 |
0 |
0 |
|a Genetically modified organisms in agriculture
|h [electronic resource] :
|b economics and politics /
|c edited by Gerald C. Nelson.
|
| 260 |
|
|
|a San Diego, CA :
|b Academic Press,
|c c2001.
|
| 300 |
|
|
|a xii, 344 p. :
|b ill.
|
| 504 |
|
|
|a Includes bibliographical references and index.
|
| 533 |
|
|
|a Electronic reproduction. Ann Arbor, MI : ProQuest, 2015. Available via World Wide Web. Access may be limited to ProQuest affiliated libraries.
|
| 650 |
|
0 |
|a Food
|x Biotechnology
|x Economic aspects.
|
| 650 |
|
0 |
|a Genetically modified foods
|x Economic aspects.
|
| 650 |
|
0 |
|a Food supply
|x Government policy.
|
| 655 |
|
4 |
|a Electronic books.
|
| 700 |
1 |
|
|a Nelson, Gerald C.
|
| 710 |
2 |
|
|a ProQuest (Firm)
|
| 856 |
4 |
0 |
|u https://ebookcentral.proquest.com/lib/matrademy/detail.action?docID=294144
|z Click to View
|